000
00272nam a2200109Ia 4500
001
1275889
005
20260417160436.0
008
260417s9999 xx 000 0 und d
020
_a
9786256999121
245
0
_a
Eğlenceli Labirentler
_c
Esma Genç
260
_b
Ketebe Çocuk
999
_c
1275889
_d
1275889